000 01429cam a2200385Ia 4500
002 87271
005 20230410143455.0
008 050603s2005 nyua 000 0 eng d
010 _a2005299294
035 _a(OCoLC)ocm60554748
040 _aOCO
_cOCO
_dOCL
_dDLC
_dBAKER
_dBTCTA
_dYDXCP
020 _a0743442784 :
020 _a9780743442787
029 1 _aAU@
_b000028564172
035 _a(OCoLC)60554748
001 14aGV 1471bR884s 2005
082 0 0 _a793.2
049 _aGRAL
100 1 _aRowley, Cynthia.
245 1 4 _aThe swell dressed party /
_cCynthia Rowley and Ilene Rosenzweig.
250 _a1st Atria Books hardcover ed.
260 _aNew York :
_bAtria Books,
_c2005.
300 _a213 p. :
_bill. (chiefly col.) ;
_c24 cm.
505 0 _aIntroduction--- Chapter 1: Early birding--- Chapter 2: Seize the day--- Chapter 3: Cocktail parties--- Chapter 4: Burn, baby, burn--- Chapter 5: Keep-it-happy--- Chapteer 6: Ge-togethers--- Chapter 7: Blowouts--- Recipes.
650 0 _aParties.
650 0 _aEntertaining.
700 1 _aRosenzweig, Ilene.
856 4 2 _3Publisher description
_uhttp://www.loc.gov/catdir/enhancements/fy0631/2005299294-d.html
938 _aBaker & Taylor
_bBKTY
_c24.95
_d18.71
_i0743442784
_n0004408898
_sactive
938 _aBaker and Taylor
_bBTCP
_nBK0004408898
938 _aYBP Library Services
_bYANK
_n2058993
942 _2lcc
_cbk
994 _aC0
_bDRFGD
946 _ardc
999 _c102383
_d102383